Kompetence v cizích jazycích jako důležitá součást profilu absolventa vysoké školy sborník příspěvků z mezinárodní konference konané 13.-14. září 2007 v Brně

Na minha lista:
Detalhes bibliográficos
Corporate Authors: Kompetence v cizích jazycích jako důležitá součást profilu absolventa vysoké školy. Mezinárodní konference, Agentura GRAPA, Univerzita obrany v Brně. Centrum jazykové přípravy
Outros Autores: Tomšů, Jana
Formato: Livro
Idioma:tcheco
inglês
eslovaco
francês
alemão
Publicado em: Brno Univerzita obrany v Brně 2007
Assuntos:
Tags: Adicionar Tag
Sem tags, seja o primeiro a adicionar uma tag!

MARC

LEADER 00000nlm$a2200000$$$4500
001 0067215
005 20240104115750.9
020 |a 978-80-7231-261-0 
041 0 |a cze 
041 0 |a eng 
041 0 |a slo 
041 0 |a fre 
041 0 |a ger 
044 |a CZ 
245 1 0 |a Kompetence v cizích jazycích jako důležitá součást profilu absolventa vysoké školy  |b sborník příspěvků z mezinárodní konference konané 13.-14. září 2007 v Brně  |c editor: Jana Tomšů 
264 1 |a Brno  |b Univerzita obrany v Brně  |c 2007 
300 |a CD-ROM  |e zborník abstraktov 
610 2 0 |a jazyky cudzie 
610 2 0 |a školy vysoké 
610 2 0 |a absolventi 
700 1 |a Tomšů, Jana 
110 2 |a Kompetence v cizích jazycích jako důležitá součást profilu absolventa vysoké školy. Mezinárodní konference 
710 2 |a Agentura GRAPA 
710 2 |a Univerzita obrany v Brně. Centrum jazykové přípravy